00505nam a2200157Ia 4500001000500000005001700005008004100022041000800063082001600071100003000087245017700117260000900294300002800303650000800331654000800339820120260306160551.0260306t2007||||xx |||||||||||||| ||spa|| aESP a370.15bF38 aFerreyra, Horacio A.eAUT 0aTeorías y enfoques psicoeducativos del aprendizaje:baportes conceptuales básicos. El modelo de enlace para la interpretación de las prácticas escolares en contexto c2007 a160 páginas :c22 cm. aGEN aCED